000
00276nam a22001337a 4500
008
170208b xxu||||| |||| 00| 0 eng d
020
_a
9780803611092
041
_a
eng
080
_a
61
100
_a
3
101
_a
shm
245
_a
MED NOTES
_c
DEGLIN, J.H
942
_2
udc
_c
BK
999
_c
4853
_d
4853